000 00635nam a2200193Ii 4500
003 JO-AjNU
008 230605s9999||||xx |||||||||||||| ||und||
040 _aJO-AjNU
_bara
_erda
_cJO-AjNU
041 _aara
050 1 4 _aPJ7802.A14 1967
100 3 _aبقلم أباظة،ثروت,
_eauthor
_914802
245 0 0 _aهذه اللعبة: مجموعة قصص
264 3 1 _aالقاهرة:دار الكاتب العربي،1967
300 _a149ص
336 _atext
_btxt
_2rdacontent
337 _aunmediated
_bn
_2rdamedia
338 _avolume
_bnc
_2rdacarrier
650 4 _aالأدب العربي - قصص - هذه اللعبة
_914803
999 _aA4033
_c7601
_d7601